Russia's war : blood upon the snow. Episode 10, The cult of personality /

This documentary, produced by Video Collection International, is about Stalin's paranoia, his persecution of the Russian people, the thwarting of his plans due to the threat of the atomic bomb, and his death in 1953.

Bibliographic Details
Other Authors: Hawthorne, Nigel (Narrator)
Format: Video
Language:English
Language Notes:In English.
Published: Toronto, ON : Entertainment One Ltd., 1997.
Series:World history in video
Subjects:
Online Access:Connect to this streaming video (Alexander Street Press)

MARC

Tag First Indicator Second Indicator Subfields
LEADER 00000cgm a2200000Ma 4500
001 in00005540521
006 m o c
007 cr |n||||||||a
007 vz |za|z|
008 150212s1997 onc052 e o vueng d
005 20241201225813.6
035 |a (OCoLC)ocn911956510 
040 |a ALSTP  |b eng  |e pn  |c ALSTP  |d OCLCO  |d VLB  |d OCLCF  |d OCLCQ  |d OCLCO  |d OCL  |d OCLCQ  |d WYU  |d OCL  |d OCLCO  |d OCLCL 
035 |a (OCoLC)911956510 
043 |a e-ur--- 
050 4 |a DK273  |b .R87 1997ev 
049 |a TXAM 
245 0 0 |a Russia's war :  |b blood upon the snow.  |n Episode 10,  |p The cult of personality /  |c produced by Video Collection International. 
260 |a Toronto, ON :  |b Entertainment One Ltd.,  |c 1997. 
300 |a 1 online resource (52 min.). 
306 |a 005148 
336 |a two-dimensional moving image  |b tdi  |2 rdacontent 
337 |a computer  |b c  |2 rdamedia 
338 |a online resource  |b cr  |2 rdacarrier 
490 0 |a World history in video 
500 |a Title from resource description page (viewed Feb. 13, 2015). 
520 |a This documentary, produced by Video Collection International, is about Stalin's paranoia, his persecution of the Russian people, the thwarting of his plans due to the threat of the atomic bomb, and his death in 1953. 
546 |a In English. 
600 1 0 |a Stalin, Joseph,  |d 1879-1953. 
600 1 7 |a Stalin, Joseph,  |d 1878-1953.  |2 fast  |0 (OCoLC)fst00053304  |1 https://id.oclc.org/worldcat/entity/E39PBJxCCxXjWhwPJQWJy3q84q 
650 0 |a World War, 1939-1945  |z Soviet Union. 
651 0 |a Soviet Union  |x History  |y 1925-1953. 
650 6 |a Guerre mondiale, 1939-1945  |z URSS. 
651 6 |a URSS  |x Histoire  |y 1925-1953. 
651 7 |a Soviet Union.  |2 fast  |0 (OCoLC)fst01210281 
647 7 |a World War  |d (1939-1945)  |2 fast  |0 (OCoLC)fst01180924  |1 https://id.oclc.org/worldcat/entity/E39Qhp4vBbhpRH9XvjbDFXtxhb 
648 7 |a 1925-1953  |2 fast 
655 2 |a Documentaries and Factual Films 
655 7 |a Documentary films.  |2 fast  |0 (OCoLC)fst01710390 
655 7 |a History.  |2 fast  |0 (OCoLC)fst01411628 
655 7 |a Documentary films.  |2 lcgft 
655 7 |a Documentaires.  |2 rvmgf 
700 1 |a Hawthorne, Nigel.  |4 nrt 
710 2 |a Video Collection International, Ltd.  |4 prn 
856 4 0 |u http://proxy.library.tamu.edu/login?url=https://www.aspresolver.com/aspresolver.asp?AVN2;1853969  |z Connect to this streaming video (Alexander Street Press)  |t 0 
955 |a Alexander Street Press subscription streaming video 
994 |a 92  |b TXA 
999 f f |s cee9c021-8ee0-43c7-a8d0-f4d769d2ac73  |i 0c454f01-913e-4b4a-89c5-4d3f21442923  |t 0 
952 f f |a Texas A&M University  |b College Station  |c Electronic Resources  |d Available Online  |t 0  |e DK273 .R87 1997ev  |h Library of Congress classification 
998 f f |a DK273 .R87 1997ev  |t 0  |l Available Online